Sponzoring - dôležitý nástroj marketingu
Sponzorstvo ako jeden z najvyužívanejších nástrojov marketingovej komunikácie v súčasnosti. Vymedzenie pojmu sponzor a sponzorovanie. Dimenzie sponzoringovej stratégie. Kontrola a meranie účinnosti sponzoringu.
Uložené v:
| Hlavný autor: | |
|---|---|
| Médium: | Kapitola |
| Jazyk: | Slovak |
| Predmet: | |
| Tagy: |
Žiadne tagy, Buďte prvý, kto otaguje tento záznam!
|
MARC
| LEADER | 00000naa$a2200000$$$4500 | ||
|---|---|---|---|
| 001 | 0073039 | ||
| 005 | 20240502071851.0 | ||
| 041 | 0 | |a slo | |
| 044 | |a SK | ||
| 245 | 1 | 0 | |a Sponzoring - dôležitý nástroj marketingu |c Júlia Lipianska |
| 520 | |a Sponzorstvo ako jeden z najvyužívanejších nástrojov marketingovej komunikácie v súčasnosti. Vymedzenie pojmu sponzor a sponzorovanie. Dimenzie sponzoringovej stratégie. Kontrola a meranie účinnosti sponzoringu. | ||
| 610 | 2 | 0 | |a sponzorovanie |
| 610 | 2 | 0 | |a komunikácia |
| 610 | 2 | 0 | |a komunikácia marketingová |
| 610 | 2 | 0 | |a propagácia |
| 610 | 2 | 0 | |a marketing |
| 100 | 1 | |a Lipianska, Júlia | |